00439 a2200145 4500010001400000020002300014035001300037037001600050082001300066100002000079245007600099260004900175270003900224300003000263 aENG-89010 a8173414270c595.00 aEN-72543 bDBAD / PUB14a270.21141 aShah, M. Maroof1 aMuslim modernism and the problem of modern science /cby M. Maroof Shah aDelhibIndian Publishers' Distributorsc2007 a156-D, Kamla NagarbDelhie110 007 c22 cm ( Hb.)bxiii, 318p.